Zeami, Basho, Yeats, Pound ; a study in Japanese and English poetics.

Bibliographic Details
Main Author: Ueda, Makoto, 1931-
Format: Book
Language:English
Published: The Hague : Mouton, 1965.
Series:Studies in general and comparative literature ; v. 1.
Subjects:

MARC

Tag First Indicator Second Indicator Subfields
LEADER 00000cam a2200000 4500
001 in00000031497
005 20151007061711.0
008 720607s1965 ne b 00000 eng u
010 |a  65028168  
035 |a (OCoLC)00326842 
035 |9 AAD2814AM 
040 |c OUN  |d TXA  |d UtOrBLW 
049 |a TXAM  |c [466809] 
050 0 |a PN1042  |b .U4 
082 0 |a 808.1 
092 |a 808.1  |b U22z 
100 1 |a Ueda, Makoto,  |d 1931- 
245 1 0 |a Zeami, Basho, Yeats, Pound ;  |b a study in Japanese and English poetics. 
264 1 |a The Hague :  |b Mouton,  |c 1965. 
300 |a 165 pages ;  |c 22 cm. 
336 |a text  |b txt  |2 rdacontent 
337 |a unmediated  |b n  |2 rdamedia 
338 |a volume  |b nc  |2 rdacarrier 
490 1 |a Studies in general and comparative literature,  |v v. 1 
500 |a Based on thesis, University of Washington. 
504 |a Bibliography: pages [157]-161. 
600 0 0 |a Zeami,  |d 1363-1443. 
600 1 0 |a Matsuo, Bashō,  |d 1644-1694. 
600 1 0 |a Yeats, W. B.  |q (William Butler),  |d 1865-1939. 
600 1 0 |a Pound, Ezra,  |d 1885-1972. 
830 0 |a Studies in general and comparative literature ;  |v v. 1. 
999 |a MARS 
999 f f |s 8d108588-d3ab-3d6f-b438-52800d0de945  |i 847d6929-aa19-38a2-a42c-6004b6aab637  |t 0 
952 f f |p normal  |a Texas A&M University  |b College Station  |c Sterling C. Evans Library  |d Evans: Library Stacks  |t 0  |e PN1042 .U4  |h Library of Congress classification  |i unmediated -- volume  |m A14801197019 
998 f f |a PN1042 .U4  |t 0  |l Evans: Library Stacks